00551nam a2200193Ia 4500008004100000020001500041082001500056100002200071245003100093250000600124260002900130300001000159500002400169650001000193700003500203942000700238952009500245999001700340230524s9999 xx 000 0 und d a8174091173 a624.2bASW aM.G.Aswani941498 0aDesign of Concrete Bridges a2 aDelhibKhanna Pub.c2013 a431p; aQuantity Number: 1 aCivil aV.N.Vazirani [etal....]941499 cBK 00104070aTATCLbTATCLcGENd2023-05-24l0o624.2 ASWp52983r2023-05-24w2023-05-24yBK c55766d55766